| 000 | 00372nam a22001337a 4500 | ||
|---|---|---|---|
| 082 |
_a519.4 _bKUN _cL-2, P-40. |
||
| 100 |
_aKaiser S. Kunz _939445 |
||
| 245 |
_aNumerical Analysis _cS. Kunz, Kaiser |
||
| 260 |
_aLondon _bMcGraw-Hell Book Company, inc _c1957 |
||
| 300 | _ai-xv, 381p: | ||
| 526 |
_a0 _b0 _c0 _d519_400000000000000_KUN |
||
| 650 |
_aMCE _9379 |
||
| 942 |
_2ddc _cBK |
||
| 999 |
_c543937 _d543937 |
||